000
00326nam a22001457a 4500
008
221012b ||||| |||| 00| 0 eng d
020
_a
9780071115858
041
_a
eng
080
_2
NINTH EDITION
_a
159.9
082
_a
159.9 FOX
100
_a
24.1
101
_a
PHY
245
_a
HUMAN PHYSIOLOGY
_c
FOX S
942
_2
udc
_c
BK
999
_c
58532
_d
58532